000 00489nam a2200169Ia 4500
999 _c12363
_d12363
003 OSt
005 20201117155131.0
008 190216s9999||||xx |||||||||||||| ||und||
040 _coclc
082 _a423.1
_bMCM/E
100 _aMcmordie, W
_96592
245 0 _aEnglish Idioms And How To Use Them /
_cW Mcmordie
260 _bOxford University Press,
_c1971.
_aLondon;
300 _a350p
650 _aEnglish Story
942 _cBK
_2ddc
_h423.1
_iMCM/E
_k423.1
_mMCM/E